000 00861cai a22001935a 4500
001 E148644
008 091015u xxk g 000 0 eng d
035 _a(Sirsi) u148644
041 0 _aeng
110 2 _aLondon Development Agency
_95482
245 0 0 _aLondon brownfield sites review
_h[electronic resource]
520 _aWebsite which forms part of stage 2 of the London Brownfield Sites Review, and which contains guidance on good practice in developing brownfield sites, as well as a database of brownfield land and an analaysis of trends.
590 _aKA
651 4 _aLondon
690 _aENVIRONMENTAL AND LAND CONSULTANCY-PLANNING AND DEVELOPMENT
710 2 _aHomes and Communities Agency
_95688
856 4 0 _uhttps://www.londonbrownfieldsites.org/Content/home.aspx
_zView the website free of charge at www.londonbrownfieldsites.org...
942 _n0
999 _c120832
_d120832